• 首页
  • 本馆介绍
  • 公告通知
  • 最新文献
  • 馆藏检索
  • 电子资源
  • 读者导购
  • 参考咨询
  • 我的图书馆
  • 登录
  • 详细信息显示
  • 放入我的书架
  • 预约/预借图书
  • 作者相关作品
  • 分类相关作品
  • 丛书相关作品
  • 出版社相关作品

书目信息

  • 表格格式
  • 工作单格式
  • 卡片格式
题名:
超越时空的对话
    
 
作者: 张广智 著
分册:  
出版信息: 北京   北京师范大学出版社  2008
页数: 498页
开本: 24cm
丛书名: 当代中国史学家文库
单 册:
中图分类: K091
科图分类:
主题词: 史学史--研究--西方国家 , 史学史
电子资源:
ISBN: 978-7-303-09132-4
000 01045oam2 2200277 45
001 1029814023
005 20100429090845.73
010    @a978-7-303-09132-4@dCNY53.00
100    @a20100330d2008 em y0chiy50 ea
101 0  @achi
102    @aCN@b110000
105    @ay z 000yy
106    @ar
200 1  @a超越时空的对话@AChao Yue Shi Kong De Dui Hua@e一位东方学者关于西方史学的思考@EYi Wei Dong Fang Xue Zhe Guan Yu Xi Fang Shi Xue De Si Kao@f张广智著@FZhang Guang Zhi Zhu
210    @a北京@c北京师范大学出版社@d2008
215    @a498页@c照片@d24cm
225 2  @a当代中国史学家文库@i张广智卷
330    @a 本书分三篇:传承与革新的历史路径、先贤与时彦的交相辉映、欧风与美雨的东方回音。
462  0 @12001 @a当代中国史学家文库@i张广智卷
517 1  @a一位东方学者关于西方史学的思考@AYi Wei Dong Fang Xue Zhe Guan Yu Xi Fang Shi Xue De Si Kao
606 0  @a史学史@x研究@y西方国家
606 0  @a史学史
690    @aK091@v4
701  0 @a张广智@AZhang Guang Zhi@4著
801  0 @aCN@bTANGWEI@c20100429
905    @b0592580-84@dK091@e175@f5
    
    超越时空的对话:一位东方学者关于西方史学的思考/张广智著.-北京:北京师范大学出版社,2008
    498页:照片;24cm.-(当代中国史学家文库.张广智卷)
    
    
    ISBN 978-7-303-09132-4:CNY53.00
    本书分三篇:传承与革新的历史路径、先贤与时彦的交相辉映、欧风与美雨的东方回音。
●
相关链接 在E读中查询图书 在五车中查询图书 在当当中查询图书 在豆瓣中查询图书


正题名:超越时空的对话     索取号:K091/175         预约/预借

序号 登录号 条形码 馆藏地/架位号 状态 备注
1 0592580   205925800   第二样本阅览室/ [索取号:K091/175] 在馆    
2 0592581   205925819   第二借阅区/ [索取号:K091/175] 在馆    
3 0592582   205925828   第二借阅区/ [索取号:K091/175] 在馆    
4 0592583   205925837   第二借阅区/ [索取号:K091/175] 在馆    
5 0592584   205925846   第二借阅区/ [索取号:K091/175] 在馆    
唐山师范学院图书馆 欢迎您!
大连网信软件有限公司© 版权所有